[Event "Bullet Chess Winners 2024"]
[Site "chess.com INT"]
[Date "2024.06.13"]
[Round "5.20"]
[White "Firouzja,Alireza"]
[Black "Nakamura,Hi"]
[Result "0-1"]
[WhiteElo "2737"]
[BlackElo "2794"]

1.e4 d6 2.d4 g6 3.Nc3 Bg7 4.Be3 a6 5.f3 b5 6.Bd3 Bb7 7.Nge2 Nd7 8.a4 b4 9.Na2 c5
10.c3 bxc3 11.bxc3 Ngf6 12.O-O O-O 13.Rb1 Qc7 14.Qd2 a5 15.d5 Ba6 16.c4 Nb6
17.Qc2 Rfb8 18.Rfc1 Nfd7 19.f4 Qd8 20.h3 e6 21.dxe6 fxe6 22.f5 Ne5 23.fxe6 Qe8
24.Nac3 Nxd3 25.Qxd3 Qxe6 26.Nb5 Bxb5 27.Rxb5 Nxa4 28.Nf4 Qf7 29.Nd5 Nb2
30.Qe2 a4 31.Rf1 Qe6 32.Nc7 Qxe4 33.Nxa8 Rxa8 34.Qf2 Rf8 35.Qe2 Rxf1+ 36.Kxf1 Nxc4
37.Rb8+ Kf7 38.Qf2+ Qf5 39.Bc1 a3 40.Ra8 Bb2 41.Ra7+ Ke6 42.Bf4 Be5 43.Bxe5 Qxf2+
44.Kxf2 Kxe5 45.Ke2 Kd4 46.Kd1 Kc3 47.Kc1 d5 48.Kb1 d4 49.Ka2 d3 50.Rb7 d2
51.Rb3+ Kc2 52.Rb1 d1=Q 53.Rxd1 Kxd1  0-1

[Event "Bullet Chess Winners 2024"]
[Site "chess.com INT"]
[Date "2024.06.13"]
[Round "5.13"]
[White "Nakamura,Hi"]
[Black "Firouzja,Alireza"]
[Result "0-1"]
[WhiteElo "2794"]
[BlackElo "2737"]

1.e4 c5 2.Nc3 e6 3.f4 d5 4.Nf3 dxe4 5.Nxe4 Bd7 6.Bc4 Bc6 7.Qe2 Nd7 8.Neg5 Nh6
9.f5 Bxf3 10.Nxf3 Nxf5 11.O-O Bd6 12.c3 O-O 13.d3 Nb6 14.Bb3 Nd5 15.Ng5 Qd7
16.Rxf5 exf5 17.Bxd5 Bxh2+ 18.Kxh2 Qxd5 19.Qf3 Rad8 20.Bf4 Qxf3 21.Nxf3 Rxd3
22.Re1 Rd7 23.Re5 b6 24.b4 f6 25.Re2 cxb4 26.cxb4 Rc8 27.Bg3 g5 28.b5 Kf7
29.Bf2 h5 30.Nd4 Rd5 31.Nc6 Rc7 32.a4 f4 33.Rc2 Rcd7 34.Rb2 g4 35.a5 g3+
36.Bxg3 fxg3+ 37.Kxg3 bxa5 38.Nxa5 Rg5+ 39.Kh2 Rdd5 40.Nc6 Rxb5 41.Ra2 a5  0-1

[Event "Bullet Chess Winners 2024"]
[Site "chess.com INT"]
[Date "2024.06.13"]
[Round "5.14"]
[White "Firouzja,Alireza"]
[Black "Nakamura,Hi"]
[Result "1/2-1/2"]
[WhiteElo "2737"]
[BlackElo "2794"]

1.e4 c6 2.d4 d5 3.e5 Bf5 4.Nf3 e6 5.Bd3 Ne7 6.O-O Bxd3 7.Qxd3 Qa5 8.c3 Qa6
9.Qc2 Nd7 10.Rd1 Rc8 11.b4 b6 12.a4 Qb7 13.a5 Ng6 14.axb6 axb6 15.Nbd2 c5
16.bxc5 bxc5 17.Qa4 cxd4 18.cxd4 Be7 19.Ba3 Bxa3 20.Qxa3 Nb8 21.Rab1 Qe7
22.Qa4+ Qd7 23.Qb4 Nc6 24.Qa3 Nge7 25.Nb3 O-O 26.Nc5 Qe8 27.Nb7 Ra8 28.Qd3 Nf5
29.g4 Nfe7 30.Nd6 Qd8 31.Ng5 Ng6 32.f4 Ra4 33.Qh3 h6 34.Ngxf7 Qa8 35.Nxh6+ gxh6
36.Qxh6 Nxf4 37.Rb7 Qxb7 38.Nxb7 Nxd4 39.Qg5+ Kh7 40.Qe7+ Kg8 41.Qg5+ Kh7
42.Qe7+ Kg8 43.Qg5+  1/2-1/2

[Event "Bullet Chess Winners 2024"]
[Site "chess.com INT"]
[Date "2024.06.13"]
[Round "5.15"]
[White "Nakamura,Hi"]
[Black "Firouzja,Alireza"]
[Result "0-1"]
[WhiteElo "2794"]
[BlackElo "2737"]

1.e4 c5 2.Nc3 e6 3.Nf3 a6 4.d4 cxd4 5.Nxd4 Nc6 6.Nb3 d6 7.Bd3 Nf6 8.f4 Be7
9.O-O b5 10.Qf3 Bb7 11.Qh3 Rc8 12.Bd2 Nb4 13.Rae1 Nxd3 14.cxd3 b4 15.Nd1 a5
16.Ne3 Ba6 17.Nc1 Qb6 18.f5 e5 19.g4 Rc2 20.Rf2 Rxd2 21.Rxd2 h5 22.Kh1 Bb7
23.g5 Nd7 24.Nc4 Qc7 25.Qg2 Nc5 26.Nb3 Nxd3 27.Nbxa5 Nxe1 28.Qe2 O-O 29.Nxb7 Bxg5
30.Rd1 Qxb7 31.Nxd6 Qc6 32.Qxe1 Rd8 33.Qg1 Be7 34.f6 Bxf6 35.Qg2 Rxd6  0-1

[Event "Bullet Chess Winners 2024"]
[Site "chess.com INT"]
[Date "2024.06.13"]
[Round "5.16"]
[White "Firouzja,Alireza"]
[Black "Nakamura,Hi"]
[Result "0-1"]
[WhiteElo "2737"]
[BlackElo "2794"]

1.e4 d5 2.exd5 Qxd5 3.Nc3 Qa5 4.d4 c6 5.Bd2 Bf5 6.Bc4 e6 7.Nf3 Nf6 8.Nd5 Qd8
9.Nxf6+ gxf6 10.c3 Nd7 11.Qe2 Nb6 12.Bd3 Bxd3 13.Qxd3 Qd5 14.Qe2 O-O-O 15.O-O Qc4
16.Qxc4 Nxc4 17.Bc1 Bd6 18.b3 Nb6 19.c4 Bc7 20.Be3 Rhg8 21.Rad1 f5 22.g3 f4
23.Bc1 Nd7 24.Rfe1 Nf6 25.Kf1 fxg3 26.Kg2 gxh2+ 27.Kh1 Ng4 28.Re2 Rg6 29.Rde1 Rf6
30.Ne5 Nxf2+ 31.Kg2 h1=Q+ 32.Rxh1 Rg8+  0-1

[Event "Bullet Chess Winners 2024"]
[Site "chess.com INT"]
[Date "2024.06.13"]
[Round "5.17"]
[White "Nakamura,Hi"]
[Black "Firouzja,Alireza"]
[Result "0-1"]
[WhiteElo "2794"]
[BlackElo "2737"]

1.e4 c5 2.Nc3 d6 3.Nf3 Nf6 4.d4 cxd4 5.Qxd4 a6 6.e5 Nc6 7.Qa4 dxe5 8.Nxe5 Bd7
9.Nxd7 Qxd7 10.Be3 e6 11.Rd1 Qc8 12.Be2 Bb4 13.Qb3 Nd5 14.O-O Nxe3 15.fxe3 O-O
16.Ne4 Qc7 17.a3 Be7 18.Nf2 Rad8 19.Bf3 Ne5 20.Qxb7 Nxf3+ 21.Qxf3 Qxc2 22.b4 Qb3
23.e4 Qa4 24.e5 Qb5 25.Rfe1 Rxd1 26.Qxd1 a5 27.bxa5 Qxa5 28.g3 Bxa3 29.Kg2 Rd8
30.Qe2 Qd5+ 31.Kh3 Bf8 32.Rd1 Qa8 33.Rxd8 Qxd8 34.Ne4 Qd5 35.Nd2 h5 36.Nf3 Be7
37.Kg2 g5 38.Qd2 Qe4 39.Qd4 Qc6 40.g4 Qc2+ 41.Kh3 Qe2 42.Nd2 hxg4+ 43.Kg3 Kg7
44.Qf2 Qd3+ 45.Kxg4 Qd5 46.Nf3 Qe4+ 47.Kg3 Qf4+ 48.Kg2 g4 49.Ne1 Qxe5 50.Qg3 Qe4+
51.Kf1 f5 52.Ng2 Bg5 53.Qc7+ Kg6 54.Qc3 Qb1+ 55.Kf2 Qe4 56.h4 gxh3 57.Qxh3 Qd4+
58.Kf1 e5 59.Qh8 Qc4+ 60.Kf2 Qe6 61.Kg3 f4+ 62.Kf3 e4+ 63.Ke2 f3+ 64.Kf2 fxg2
65.Kxg2 Bf6 66.Qh2 Qg4+ 67.Kf2 Qf3+ 68.Ke1 Bc3+  0-1

[Event "Bullet Chess Winners 2024"]
[Site "chess.com INT"]
[Date "2024.06.13"]
[Round "5.18"]
[White "Firouzja,Alireza"]
[Black "Nakamura,Hi"]
[Result "1-0"]
[WhiteElo "2737"]
[BlackElo "2794"]

1.e4 d5 2.exd5 Nf6 3.d4 Nxd5 4.Nf3 Nb6 5.Bd3 g6 6.h3 Bg7 7.c3 O-O 8.O-O N8d7
9.Re1 c5 10.Be3 cxd4 11.cxd4 Nd5 12.Nc3 N7b6 13.Bg5 h6 14.Bh4 g5 15.Bg3 e6
16.Qd2 Bd7 17.h4 g4 18.Ne5 f5 19.Ng6 Rf6 20.h5 Bc6 21.Bh4 Nxc3 22.bxc3 Qd6
23.Bxf6 Bxf6 24.Qxh6 Nd5 25.Bc4 Rc8 26.Rxe6 Qxe6 27.Nf4 Qf7 28.Nxd5 Bxd5
29.Bxd5 Qxd5 30.Qxf6 Rc6 31.Qg5+  1-0

[Event "Bullet Chess Winners 2024"]
[Site "chess.com INT"]
[Date "2024.06.13"]
[Round "5.19"]
[White "Nakamura,Hi"]
[Black "Firouzja,Alireza"]
[Result "1/2-1/2"]
[WhiteElo "2794"]
[BlackElo "2737"]

1.b3 Nf6 2.Bb2 g6 3.e3 Bg7 4.d4 O-O 5.Nf3 d6 6.Be2 Nbd7 7.O-O c6 8.c4 Re8
9.b4 e5 10.c5 e4 11.Nfd2 d5 12.b5 Nf8 13.Nc3 h5 14.a4 Bf5 15.a5 a6 16.bxc6 bxc6
17.Na4 Ng4 18.Nb6 Ra7 19.h3 Nh6 20.Re1 Nh7 21.Nf1 Qh4 22.Ng3 Be6 23.Qa4 Rc7
24.Bxa6 Bxh3 25.gxh3 Ng5 26.Bf1 Nf3+ 27.Kg2 Ng5 28.Kg1 Nf3+ 29.Kh1 Ng4 30.Qc2 Bh6
31.a6 Bxe3 32.Rxe3 Nxe3 33.fxe3 Qxg3 34.Qg2 Qh4 35.a7 Rxa7 36.Rxa7 Qe1 37.Ra1 Qxe3
38.Rd1 Qb3 39.Ra1 Nh4 40.Qf2 Nf5 41.Kh2 e3 42.Qe2 h4 43.Ra3 Qb4 44.Ra4 Qb3
45.Ra3 Qb4 46.Qc2 Qe1 47.Qe2 Qb4  1/2-1/2

[Event "Bullet Chess Winners 2024"]
[Site "chess.com INT"]
[Date "2024.06.13"]
[Round "6.8"]
[White "Firouzja,Alireza"]
[Black "Nakamura,Hi"]
[Result "1/2-1/2"]
[WhiteElo "2737"]
[BlackElo "2794"]

1.e4 d5 2.exd5 Qxd5 3.Nc3 Qd8 4.d4 Nf6 5.Nf3 c6 6.Bc4 Bg4 7.Bxf7+ Kxf7 8.Ne5+ Ke8
9.Nxg4 Qc8 10.Ne5 Nbd7 11.Qe2 g6 12.Bg5 Bg7 13.O-O-O Nb6 14.Rhe1 e6 15.Ng4 Nxg4
16.Qxg4 Kf7 17.Ne4 Qd7 18.Nc5 Qd5 19.Nxe6 Qxa2 20.Nxg7 Kxg7 21.Re7+ Kg8 22.Bf6 Qa1+
23.Kd2 Nc4+ 24.Ke1 Qa5+ 25.c3 Qd5 26.b3 Nd6 27.Qd7 Nf5 28.Rg7+ Kf8 29.Qxd5 cxd5
30.Rxb7 Re8+ 31.Kf1 Rg8 32.Be5 Re7 33.Rxe7 Kxe7 34.Ra1 Ra8 35.b4 Kd7 36.Ra5 Ne7
37.Rc5 a6 38.Ra5 Ke6 39.b5 Kf5 40.Rxa6 Rc8 41.f3 Rxc3 42.Rf6+ Kg5 43.Kf2 Nf5
44.g4 Rc2+ 45.Kg1 Ne3 46.Rf7 Rg2+ 47.Kh1 Kh6 48.Bf4+ g5 49.Bxe3 Re2 50.Rf6+ Kg7
51.Bxg5 Rb2 52.Rf5 h6 53.Bf6+ Kg6 54.Be5 Rxb5 55.Kg2 h5 56.Kg3 hxg4 57.fxg4 Rb2
58.Kf4 Rf2+ 59.Kg3 Rc2 60.Rf6+ Kh7 61.h4 Kg8 62.Kf4 Rc1 63.Kg5 Rc7 64.h5 Rg7+
65.Rg6 Kh8 66.Bxg7+ Kh7 67.Be5  1/2-1/2

[Event "Bullet Chess Winners 2024"]
[Site "chess.com INT"]
[Date "2024.06.13"]
[Round "6.17"]
[White "Nakamura,Hi"]
[Black "Firouzja,Alireza"]
[Result "0-1"]
[WhiteElo "2794"]
[BlackElo "2737"]

1.d4 Nf6 2.Nf3 d5 3.c4 e6 4.Nc3 Bb4 5.e3 O-O 6.cxd5 exd5 7.Bd3 c6 8.O-O Bd6
9.Ne2 Re8 10.Ng3 Ne4 11.Nd2 Nxg3 12.hxg3 Nd7 13.b3 Nf6 14.Re1 g6 15.Bb2 Bf8
16.Qc2 h5 17.e4 dxe4 18.Nxe4 Nxe4 19.Bxe4 Bg7 20.Rad1 Be6 21.d5 cxd5 22.Bxg7 Kxg7
23.Bf3 Rc8 24.Qd2 Qf6 25.Re3 b6 26.Rd3 Red8 27.Rd4 Rc5 28.b4 Rc7 29.a3 Rdc8
30.Bxd5 Rc2 31.Qf4 Qxf4 32.Rxf4 Bxd5 33.Rxd5 R8c7 34.Rd3 R2c3 35.Rfd4 Rc1+
36.Rd1 Rxd1+ 37.Rxd1 Rc3 38.a4 Rc4 39.Rb1 a5 40.bxa5 bxa5 41.Ra1 g5 42.f3 g4
43.Kf2 Rc2+ 44.Kg1 Kg6 45.Rb1 Ra2 46.Rb6+ f6 47.Rb5 Rxa4 48.Kf2 Ra2+ 49.Kg1 a4
50.Ra5 gxf3 51.gxf3 a3 52.Kf1 Kf7 53.Ra6 Ke7 54.f4 Kd7 55.f5 Kc7 56.Rxf6 Rb2
57.Ra6 a2 58.f6 Rb1+ 59.Kg2 a1=Q 60.Rxa1 Rxa1  0-1

[Event "Bullet Chess Winners 2024"]
[Site "chess.com INT"]
[Date "2024.06.13"]
[Round "6.1"]
[White "Nakamura,Hi"]
[Black "Firouzja,Alireza"]
[Result "1/2-1/2"]
[WhiteElo "2794"]
[BlackElo "2737"]

1.d4 Nf6 2.Bg5 g6 3.Nd2 Bg7 4.e4 d6 5.Bd3 h6 6.Bxf6 Bxf6 7.c3 c5 8.Ne2 cxd4
9.Nxd4 Nc6 10.Nxc6 bxc6 11.O-O O-O 12.Qc2 Rb8 13.Rae1 Be6 14.Re2 Qa5 15.a3 Qb6
16.Nc4 Bxc4 17.Bxc4 e6 18.Qd2 d5 19.Bd3 Bg7 20.Qf4 Rbd8 21.Qf3 c5 22.exd5 exd5
23.Rfe1 c4 24.Bb1 d4 25.cxd4 Bxd4 26.h4 h5 27.Be4 Bxb2 28.Bd5 c3 29.Re7 Rxd5
30.Qxd5 c2 31.Qc4 Qd6 32.R7e2 c1=Q 33.Rxc1 Bxc1 34.Qxc1 Rd8 35.g3 Qd1+ 36.Qxd1 Rxd1+
37.Kg2 Rd3 38.Ra2 a5 39.a4 Rb3 40.Rd2 Rb4 41.Ra2 Kg7 42.Kf3 Kf6 43.Ke3 Kg7
44.Ra3 Kf6 45.Ra2 Kg7 46.Kd3 Kf6 47.Ke3  1/2-1/2

[Event "Bullet Chess Winners 2024"]
[Site "chess.com INT"]
[Date "2024.06.13"]
[Round "6.16"]
[White "Firouzja,Alireza"]
[Black "Nakamura,Hi"]
[Result "1/2-1/2"]
[WhiteElo "2737"]
[BlackElo "2794"]

1.e4 d5 2.exd5 Qxd5 3.Nc3 Qa5 4.d4 c6 5.Nf3 Nf6 6.Bc4 Bg4 7.h3 Bxf3 8.Qxf3 e6
9.Bd2 Qc7 10.O-O-O Nbd7 11.Rhe1 O-O-O 12.Bb3 Nb6 13.Bg5 Bd6 14.Bxf6 gxf6
15.Qxf6 Rhg8 16.g3 Rg6 17.Qf3 Kb8 18.Ne4 Bf8 19.Kb1 a5 20.c3 a4 21.Bc2 a3
22.b3 Nd5 23.h4 Rg7 24.b4 b6 25.Bb3 h6 26.Rd3 b5 27.Nd2 Nb6 28.Qe2 Bd6 29.Ne4 Be7
30.Qf3 Ka7 31.Nc5 Bxc5 32.dxc5 Nd5 33.Bxd5 cxd5 34.Qe3 Kb7 35.Red1 Ra8 36.Rd4 Rg6
37.Qd3 Qc6 38.Rf4 f5 39.Qe3 Rd8 40.Rfd4 Re8 41.Qe5 Rgg8 42.Re1 Qc7 43.Rd3 Qxe5
44.Rxe5 Kc6 45.Rde3 Kd7 46.Kc2 Rg4 47.Kb3 Rc4 48.Kxa3 f4 49.gxf4 Rxf4 50.f3 Rxh4
51.Kb3 Rh1 52.a4 bxa4+ 53.Kxa4 h5 54.c6+ Kd6 55.c7 Kxc7 56.Rxe6 Rxe6 57.Rxe6 Rc1
58.Kb3 Rf1 59.Re5 Rxf3 60.Rxh5 d4 61.Rc5+ Kb6 62.Rc4 Rxc3+ 63.Rxc3 dxc3 64.Kxc3 Kb5
65.Kb3 Kb6 66.Kc4 Kc6 67.Kc3 Kb5 68.Kb3 Kb6 69.Ka4 Ka6 70.b5+ Kb6 71.Kb3 Kb7
72.Kb4 Kb6 73.Kc4 Kb7 74.Kc5 Kc7 75.b6+ Kb7 76.Kb4 Kb8 77.Kb5 Kb7 78.Ka5 Kb8
79.Ka6 Ka8 80.Kb5 Kb7 81.Kc5 Kb8 82.Kc6 Kc8 83.b7+ Kb8 84.Kb6  1/2-1/2

[Event "Bullet Chess Winners 2024"]
[Site "chess.com INT"]
[Date "2024.06.13"]
[Round "6.3"]
[White "Nakamura,Hi"]
[Black "Firouzja,Alireza"]
[Result "0-1"]
[WhiteElo "2794"]
[BlackElo "2737"]

1.d4 Nf6 2.Bg5 d5 3.e3 c5 4.Bxf6 gxf6 5.dxc5 e6 6.a3 Bxc5 7.c4 dxc4 8.Qxd8+ Kxd8
9.Bxc4 Ke7 10.Nf3 Nc6 11.Nbd2 Bd7 12.Bd3 Rac8 13.Rc1 Bb6 14.Nc4 Bc7 15.Ke2 f5
16.Rhd1 b5 17.Ncd2 Ne5 18.Bb1 Ng4 19.h3 Nf6 20.b4 a6 21.Ba2 Bb6 22.Nb3 Ne4
23.Ke1 f6 24.Nfd4 e5 25.Ne2 Be6 26.f3 Nd6 27.Ra1 Bxe3 28.Na5 f4 29.Bxe6 Kxe6
30.Ra2 Rhg8 31.Kf1 Nf5 32.Nb3 Rc7 33.a4 Rcg7 34.Nc3 bxa4 35.Rxa4 Rxg2 36.Rxa6+ Kf7
37.Ne4 Rg1+ 38.Ke2 R8g2+ 39.Kd3 Rxd1+ 40.Kc4 Nd4 41.Rxf6+ Ke7 42.Nbc5 Rc1+
43.Kd5 Rg6 44.Kxe5 Nc6+ 45.Kf5 Nd4+ 46.Ke5 Nxf3+ 47.Kf5 Nh4+ 48.Ke5 Rxf6
49.Nxf6 Bd4+ 50.Kxd4 Kxf6 51.Ne4+ Kf5 52.Nd6+ Ke6 53.Nb5 Rd1+ 54.Ke4 f3 55.Nc3 Re1+
56.Kd3 f2 57.Kd4 f1=Q 58.Kc5 Qf5+  0-1

[Event "Bullet Chess Winners 2024"]
[Site "chess.com INT"]
[Date "2024.06.13"]
[Round "6.4"]
[White "Firouzja,Alireza"]
[Black "Nakamura,Hi"]
[Result "0-1"]
[WhiteElo "2737"]
[BlackElo "2794"]

1.e4 d5 2.exd5 Qxd5 3.Nc3 Qa5 4.d4 c6 5.Nf3 Nf6 6.Bd3 Bf5 7.b4 Qxb4 8.Bxf5 Qxc3+
9.Bd2 Qa3 10.Rb1 e6 11.Bd3 b6 12.O-O Qd6 13.Re1 Nbd7 14.c4 Be7 15.Bc3 O-O
16.Ne5 Rad8 17.Qf3 c5 18.Nc6 Rc8 19.d5 Rfe8 20.Nxa7 Ra8 21.Nb5 Qb8 22.dxe6 fxe6
23.Rxe6 Bf8 24.Rxe8 Qxe8 25.g4 Rxa2 26.g5 Qh5 27.Qf5 Ng4  0-1

[Event "Bullet Chess Winners 2024"]
[Site "chess.com INT"]
[Date "2024.06.13"]
[Round "6.9"]
[White "Nakamura,Hi"]
[Black "Firouzja,Alireza"]
[Result "1-0"]
[WhiteElo "2794"]
[BlackElo "2737"]

1.d4 Nf6 2.Nf3 d5 3.Bg5 c5 4.Bxf6 gxf6 5.e3 e6 6.c3 Nc6 7.Nbd2 Bd6 8.g3 Bd7
9.Bg2 cxd4 10.exd4 Qb6 11.Qc2 O-O-O 12.O-O Kb8 13.a4 a6 14.Rfc1 Rc8 15.Qd1 h5
16.c4 Nxd4 17.cxd5 exd5 18.a5 Qb4 19.Nxd4 Qxd4 20.Nb3 Qxd1+ 21.Rxd1 Be5 22.Bxd5 Bg4
23.Rd2 Rhd8 24.Bxf7 Rxd2 25.Nxd2 Bxb2 26.Rb1 Bc3 27.Nc4 Bf3 28.Rb3 Rd8 29.Ne3 Bxa5
30.h3 Bd2 31.Kh2 a5 32.Nc4 Bc6 33.Bxh5 a4 34.Ra3 Bb4 35.Ra1 b5 36.Ne3 Bc3
37.Rc1 b4 38.Nd1 Rd3 39.Bg6 Rd2 40.Nxc3 Rxf2+ 41.Kg1 Rg2+ 42.Kf1 bxc3 43.Rxc3 Bb7
44.Be8 Ra2 45.h4 a3 46.Bf7 Ra1+ 47.Kf2 f5 48.h5 Rh1 49.Rxa3 Kc7 50.Ke3 Kd6
51.Kf4 Be4 52.Ra6+ Ke7 53.Bg6 Rf1+ 54.Ke5 Rg1 55.Ra7+  1-0

[Event "Bullet Chess Winners 2024"]
[Site "chess.com INT"]
[Date "2024.06.13"]
[Round "6.2"]
[White "Firouzja,Alireza"]
[Black "Nakamura,Hi"]
[Result "0-1"]
[WhiteElo "2737"]
[BlackElo "2794"]

1.e4 e5 2.Nf3 Nc6 3.Bc4 Bc5 4.c3 Nf6 5.d3 h6 6.b4 Be7 7.Qb3 O-O 8.a4 d6 9.O-O Nb8
10.Qa2 c6 11.Bb3 Nbd7 12.a5 d5 13.Re1 Re8 14.Nbd2 Bf8 15.exd5 cxd5 16.Bxd5 Nxd5
17.Qxd5 Qc7 18.Qc4 Qb8 19.Ne4 b5 20.axb6 Nxb6 21.Qb3 Be6 22.c4 f5 23.Nc5 Bf7
24.Bb2 e4 25.dxe4 Nxc4 26.Nd7 Qxb4 27.Qd3 Nxb2  0-1

[Event "Bullet Chess Winners 2024"]
[Site "chess.com INT"]
[Date "2024.06.13"]
[Round "6.6"]
[White "Firouzja,Alireza"]
[Black "Nakamura,Hi"]
[Result "0-1"]
[WhiteElo "2737"]
[BlackElo "2794"]

1.e4 Nf6 2.e5 Nd5 3.d4 Nb6 4.c4 d6 5.exd6 cxd6 6.Nc3 g6 7.Be3 Bg7 8.Rc1 Nc6
9.d5 Ne5 10.b3 O-O 11.Be2 e6 12.dxe6 Bxe6 13.Nf3 Ng4 14.Bd4 d5 15.c5 Nd7
16.O-O Re8 17.Bxg7 Kxg7 18.h3 Ngf6 19.b4 a5 20.a3 axb4 21.axb4 Nh5 22.Qd2 Qf6
23.Nd4 Nf4 24.Nxe6+ fxe6 25.g3 Nxh3+ 26.Kg2 Ng5 27.f4 Nf7 28.Bf3 Nh6 29.Rfe1 Nf5
30.Qd3 Ra3 31.Qb5 Rxc3 32.Rxc3 Qxc3  0-1

[Event "Bullet Chess Winners 2024"]
[Site "chess.com INT"]
[Date "2024.06.13"]
[Round "6.7"]
[White "Nakamura,Hi"]
[Black "Firouzja,Alireza"]
[Result "0-1"]
[WhiteElo "2794"]
[BlackElo "2737"]

1.d4 Nf6 2.Bg5 g6 3.Bxf6 exf6 4.e3 Bg7 5.Ne2 f5 6.h4 h5 7.Nf4 d6 8.Bc4 c6
9.Bb3 d5 10.c4 dxc4 11.Bxc4 Nd7 12.Nc3 Nf6 13.b4 Bh6 14.g3 Qe7 15.Qb3 Bxf4
16.gxf4 O-O 17.b5 Kg7 18.a4 Bd7 19.Qa3 Qd8 20.Rg1 Rc8 21.Be2 Re8 22.Qb2 Kh7
23.Rd1 Be6 24.bxc6 bxc6 25.Kf1 Rb8 26.Qc1 Ng4 27.Rh1 Bb3 28.Re1 Bd5 29.Nxd5 Qxd5
30.Rh3 Qd6 31.Bf3 Rec8 32.Qc5 Qxc5 33.dxc5 Rb4 34.Ra1 Rc4 35.Rh1 Rxc5 36.Ra2 Rc7
37.Kg2 Nf6 38.Rd1 Ra5 39.Rd6 Ne4 40.Bxe4 fxe4 41.Rc2 c5 42.Rc4 f5 43.Kg1 Kg7
44.Kf1 Kh7 45.Ke2 Kg7 46.Kd2 Rb7 47.Kc2 Kf7 48.Rc6 Kg7 49.R6xc5 Rxc5 50.Rxc5 Rd7
51.a5 Kf7 52.a6 Rd6 53.Rc7+ Ke6 54.Rxa7 Kd5 55.Ra8 Kc6 56.Kc3 Kb6 57.Rb8+ Kxa6
58.Rb4 Rc6+ 59.Kd4 Rc2 60.Ke5 Ka5 61.Kf6 Kxb4 62.Kxg6 Kc4 63.Kxf5 Kd3 64.Kg5 Rxf2
65.f5 Kxe3 66.f6 Kd4 67.f7 e3 68.f8=Q Rxf8 69.Kg6 Rf2 70.Kxh5 e2 71.Kg4 e1=Q
72.Kg3 Qg1+ 73.Kh3 Rh2+  0-1

[Event "Bullet Chess Winners 2024"]
[Site "chess.com INT"]
[Date "2024.06.13"]
[Round "6.5"]
[White "Nakamura,Hi"]
[Black "Firouzja,Alireza"]
[Result "0-1"]
[WhiteElo "2794"]
[BlackElo "2737"]

1.d4 Nf6 2.Bg5 g6 3.Bxf6 exf6 4.e3 Bg7 5.h4 h5 6.Ne2 f5 7.Nf4 d6 8.c4 Nd7
9.Nc3 Nf6 10.g3 O-O 11.Bg2 Re8 12.O-O a5 13.Rc1 c6 14.a3 Bd7 15.b4 axb4 16.axb4 Ne4
17.Nxe4 fxe4 18.b5 Bh6 19.bxc6 bxc6 20.Qc2 Bxf4 21.exf4 d5 22.cxd5 cxd5 23.Qb3 Be6
24.Rc5 Rb8 25.Qe3 Qf6 26.Rfc1 Rb4 27.Bf1 Qxd4 28.Rb5 Qxe3 29.fxe3 Rxb5 30.Bxb5 Rb8
31.Be2 Rb2 32.Bf1 Kf8 33.Ba6 Kg7 34.Re1 Kf6 35.Re2 Rb3 36.Kf2 Ra3 37.Bb7 Rb3
38.Ba8 Ke7 39.Rc2 Rb8 40.Bc6 Rc8 41.Ba4 Ra8 42.Bb3 Ra3 43.Rb2 Kd6 44.Bd1 Kc5
45.Rc2+ Kd6 46.Be2 Bd7 47.Rd2 Ba4 48.f5 Bd7 49.fxg6 fxg6 50.Bc4 Be6 51.Be2 Ke5
52.Rd1 Ra2 53.Ke1 Rxe2+ 54.Kxe2 Bg4+ 55.Kd2 Bxd1 56.Kxd1 d4  0-1

[Event "Bullet Chess Winners 2024"]
[Site "chess.com INT"]
[Date "2024.06.13"]
[Round "6.18"]
[White "Firouzja,Alireza"]
[Black "Nakamura,Hi"]
[Result "1-0"]
[WhiteElo "2737"]
[BlackElo "2794"]

1.e4 e5 2.Nf3 Nc6 3.Bb5 a6 4.Ba4 Bc5 5.c3 Nge7 6.O-O Ba7 7.Re1 Ng6 8.d4 O-O
9.Bg5 f6 10.Be3 Kh8 11.h3 exd4 12.cxd4 d5 13.exd5 Nce7 14.Nc3 Nxd5 15.Nxd5 Qxd5
16.Bb3 Qd8 17.d5 Bxe3 18.Rxe3 Ne7 19.Rc1 Nf5 20.Rec3 Nd6 21.Rxc7 a5 22.Nd4 a4
23.Bxa4 f5 24.Ne6 Bxe6 25.dxe6 Qh4 26.e7 Rg8 27.Bb3 Ne4 28.Qc2 Rge8 29.Bf7  1-0

[Event "Bullet Chess Winners 2024"]
[Site "chess.com INT"]
[Date "2024.06.13"]
[Round "6.23"]
[White "Nakamura,Hi"]
[Black "Firouzja,Alireza"]
[Result "0-1"]
[WhiteElo "2794"]
[BlackElo "2737"]

1.e4 c5 2.Nc3 Nc6 3.f4 g6 4.Nf3 Bg7 5.Bc4 e6 6.f5 Nf6 7.e5 Ng4 8.f6 Bh6 9.Qe2 Bf4
10.d4 Bxc1 11.Rxc1 cxd4 12.Nb5 a6 13.Nd6+ Kf8 14.O-O Qa5 15.Rce1 Ne3 16.Nxd4 Qxe5
17.Nxc6 bxc6 18.Qxe3 Qxd6 19.Qh6+ Ke8 20.Rd1 Qc5+ 21.Kh1 Qxc4 22.Qg7 Rf8
23.Qxh7 Rb8 24.b3 Qxc2 25.Rd6 Rb5 26.Rd4 Rh5  0-1

[Event "Bullet Chess Winners 2024"]
[Site "chess.com INT"]
[Date "2024.06.13"]
[Round "6.22"]
[White "Firouzja,Alireza"]
[Black "Nakamura,Hi"]
[Result "1-0"]
[WhiteElo "2737"]
[BlackElo "2794"]

1.e4 e5 2.Nf3 Nc6 3.Bb5 a6 4.Ba4 Bc5 5.O-O Nge7 6.Re1 Ba7 7.c3 Ng6 8.d4 O-O
9.Bg5 f6 10.Be3 Kh8 11.h3 exd4 12.cxd4 d5 13.exd5 Qxd5 14.Nc3 Qd8 15.d5 Bxe3
16.Rxe3 Nce7 17.Bb3 Nf5 18.Re1 Nd6 19.Nd4 Re8 20.Ne6 Bxe6 21.dxe6 c6 22.Qh5 Qe7
23.Bc2 Nf8 24.Rad1 Rad8 25.Bb3 g6 26.Qf3 Nf5 27.Qf4 Kg7 28.g4 Nd6 29.Rd3 Nb5
30.Rde3 g5 31.Qe4 Ng6 32.Ne2 Nd6 33.Qc2 Kh8 34.Ng3 Nf4 35.Kh2 Nb5 36.Nf5 Qc7
37.Kg1 Re7 38.Qc5 Nd6 39.Nxe7 Qxe7 40.Rd1 Ng6 41.Bc2 Ne5 42.Rxe5 fxe5 43.Qxe5+ Kg8
44.Bb3 c5 45.Rxd6 Rxd6 46.Qxd6 Qxd6 47.e7+ c4 48.e8=Q+ Kg7 49.Bxc4  1-0

[Event "Bullet Chess Winners 2024"]
[Site "chess.com INT"]
[Date "2024.06.13"]
[Round "6.21"]
[White "Nakamura,Hi"]
[Black "Firouzja,Alireza"]
[Result "1/2-1/2"]
[WhiteElo "2794"]
[BlackElo "2737"]

1.d4 Nf6 2.Nf3 d5 3.c4 e6 4.Nc3 Bb4 5.Bg5 h6 6.Bxf6 Qxf6 7.Qa4+ Nc6 8.e3 O-O
9.cxd5 exd5 10.Rc1 Rd8 11.a3 Bf8 12.Qb3 Ne7 13.Bd3 c6 14.Ne2 Nf5 15.Ng3 Nxg3
16.hxg3 Bd6 17.Qc2 Re8 18.O-O g6 19.Rfe1 Bg4 20.Nd2 Kg7 21.Qc3 Bf5 22.Bxf5 Qxf5
23.b4 Re7 24.Qb3 h5 25.Nf3 Rae8 26.Qc2 Qf6 27.Rb1 a6 28.a4 Re4 29.b5 axb5
30.axb5 Rc8 31.bxc6 bxc6 32.Rb6 Re6 33.Rc1 c5 34.dxc5 Rxc5 35.Qb1 Rxc1+ 36.Qxc1 Ba3
37.Rxe6 Bxc1 38.Rxf6 Kxf6 39.Kf1 Bb2 40.Ke2 Kf5 41.Kd3 Ke6 42.Nd2 Kd6 43.Nb3 f5
44.Nd2 Bf6 45.Nb3 g5 46.Nc1 g4 47.Ne2 h4 48.gxh4 Bxh4 49.g3 Bf6 50.Nd4 Bxd4
51.Kxd4 Ke6 52.Kc3 Ke5 53.Kd3 Ke6 54.Kd4  1/2-1/2

[Event "Bullet Chess Winners 2024"]
[Site "chess.com INT"]
[Date "2024.06.13"]
[Round "6.20"]
[White "Firouzja,Alireza"]
[Black "Nakamura,Hi"]
[Result "0-1"]
[WhiteElo "2737"]
[BlackElo "2794"]

1.e4 e5 2.Nf3 Nc6 3.Bb5 a6 4.Ba4 Bc5 5.c3 Nge7 6.O-O Ba7 7.d4 Ng6 8.h3 O-O
9.Bg5 f6 10.Be3 Kh8 11.Re1 exd4 12.cxd4 d5 13.exd5 Qxd5 14.Nc3 Qd8 15.d5 Bxe3
16.Rxe3 Nce7 17.Bb3 Nf5 18.Re1 Bd7 19.Qd2 Re8 20.Ne4 b6 21.Rac1 Nd6 22.Nxd6 cxd6
23.Nd4 Rxe1+ 24.Rxe1 Rc8 25.Ne6 Qe7 26.f4 Qf7 27.Qf2 b5 28.a3 Ne7 29.f5 Ng8
30.Qf4 Nh6 31.Nd4 Qf8 32.Kh2 Nf7 33.Ne6 Qe7 34.Re3 Ne5 35.Rg3 Bxe6 36.dxe6 g5
37.fxg6 hxg6 38.Qh6+ Qh7 39.Qf4 Qe7 40.Qh6+ Qh7 41.Qf4 Kg7 42.Rc3 Rxc3 43.bxc3 g5
44.Qd4 Kg6 45.Bc2+ f5 46.g4 Nf3+ 47.Kg3 Nxd4 48.cxd4 Kf6 49.Bxf5 Qc7 50.Kf3 Ke7
51.Ke3 d5 52.Ke2 Qc3 53.h4 Qxa3 54.h5 Qb2+ 55.Kf3 Qc3+ 56.Kg2 Qxd4 57.h6 Qh8
58.h7 b4 59.Kf3 b3 60.Ke2 a5 61.Kd2 a4 62.Kc1 a3 63.Kb1 a2+ 64.Kc1 a1=Q+
65.Kd2 Qac3+ 66.Ke2 Qhe5+ 67.Kf2 Qce3+ 68.Kg2 Q5g3+  0-1

[Event "Bullet Chess Winners 2024"]
[Site "chess.com INT"]
[Date "2024.06.13"]
[Round "6.19"]
[White "Nakamura,Hi"]
[Black "Firouzja,Alireza"]
[Result "1-0"]
[WhiteElo "2794"]
[BlackElo "2737"]

1.e4 e5 2.Nf3 Nc6 3.Bb5 Nf6 4.d3 Bc5 5.c3 d6 6.O-O O-O 7.Nbd2 Ne7 8.Re1 c6
9.Ba4 Ng6 10.Nf1 Bb6 11.Be3 Re8 12.Ng3 Bg4 13.h3 Bxf3 14.Qxf3 d5 15.Bb3 Bxe3
16.Rxe3 Qb6 17.Nf5 Rad8 18.Rae1 a5 19.R3e2 Qc7 20.g3 b5 21.h4 Nf8 22.exd5 cxd5
23.h5 e4 24.dxe4 dxe4 25.Qe3 Nxh5 26.Qg5 a4 27.Nh6+ Kh8 28.Nxf7+ Kg8 29.Nxd8+ axb3
30.Qxh5 Rxd8 31.axb3 Rd3 32.Rxe4 Qc5 33.Qxc5  1-0

[Event "Bullet Chess Winners 2024"]
[Site "chess.com INT"]
[Date "2024.06.13"]
[Round "6.11"]
[White "Nakamura,Hi"]
[Black "Firouzja,Alireza"]
[Result "0-1"]
[WhiteElo "2794"]
[BlackElo "2737"]

1.d4 Nf6 2.Bg5 d5 3.Bxf6 gxf6 4.e3 e5 5.c3 Bd6 6.Nd2 c6 7.g3 Qe7 8.Bg2 Be6
9.Ngf3 Nd7 10.Nh4 O-O-O 11.Qh5 Bc7 12.Nf5 Qf8 13.h4 Kb8 14.Bh3 Nb6 15.O-O-O c5
16.Qh6 Qe8 17.dxc5 Na4 18.Nb3 Qb5 19.Bf1 Qc6 20.Ne7 Qd7 21.Qxf6 Rhe8 22.Nxd5 Bxd5
23.e4 Qc6 24.Qxc6 Bxc6 25.Rxd8+ Rxd8 26.f3 f5 27.Bg2 fxe4 28.fxe4 Rg8 29.Rf1 a6
30.Bh3 Rxg3 31.Bf5 h5 32.Rd1 Rf3 33.Rg1 Rf4 34.Rg5 Bxe4 35.Bxe4 Rxe4 36.Rxh5 Re2
37.Rh8+ Ka7 38.h5 Nxb2 39.h6 Nd3+ 40.Kd1 Rh2 41.h7 e4 42.Nd4 Bf4 43.Ne2 Be5
44.Re8 Rxh7 45.Kd2 Rc7 46.Ke3 Bg7 47.Kxe4 Nxc5+ 48.Kd5 Na4 49.Nf4 Nxc3+ 50.Kd6 Nb5+
51.Ke6 Rc6+ 52.Kd7 Bh6 53.Ne6 Rd6+ 54.Kc8 Rc6+ 55.Kd7 Be3 56.Nd8 Rd6+ 57.Ke7 Bb6
58.Kf7 Rxd8  0-1